[Event "BAN-chT2"]
[Site "Dhaka"]
[Date "2016.11.08"]
[Round "6.3"]
[White "Md Ruhul, Amin"]
[Black "Md Sohel, Howlader"]
[Result "1-0"]
[WhiteElo "1811"]
[BlackElo "1800"]
[PlyCount "127"]
[EventDate "2016.11.03"]
[EventType "team-swiss"]
[EventRounds "7"]
[EventCountry "BAN"]
[SourceTitle "CBM 175 Extra"]
[Source "ChessBase"]
[SourceDate "2016.12.12"]
[SourceVersion "1"]
[SourceVersionDate "2016.12.12"]
[SourceQuality "1"]
[WhiteTeam "Bangladesh Police"]
[BlackTeam "Royel Electronics"]
[WhiteTeamCountry "BAN"]
[BlackTeamCountry "BAN"]

1. e4 e5 2. Nf3 Nc6 3. Bb5 a6 4. Ba4 Nf6 5. 0-0 b5 6. Bb3 Be7 7. Re1 0-0 8. c3 d6 9. h3 Na5 10. Bc2 c5 11. d4 Qc7 12. d5 h6 13. Nbd2 c4 14. Nf1 Bd7 15. Be3 Nb7 16. Ng3 Nc5 17. Qd2 Kh7 18. Nh2 a5 19. Rad1 a4 20. Bxc5 Qxc5 21. a3 g5 22. Qe2 Rg8 23. Nf5 Bxf5 24. exf5 Rg7 25. Ng4 Rh8 26. g3 Kg8 27. Nxf6+ Bxf6 28. Kh2 Kf8 29. Kg2 h5 30. Rh1 g4 31. hxg4 Rxg4 32. Rxh5 Rhg8 33. Be4 Bh4 34. Rh8 Bf6 35. Rxg8+ Rxg8 36. Rh1 Rh8 37. Rxh8+ Bxh8 38. Qh5 Bg7 39. g4 f6 40. g5 Qc7 41. gxf6 Bxf6 42. Qh3 Qg7+ 43. Kf1 Qg5 44. Bf3 Qh4 45. Qg3 Qxg3 46. fxg3 Bg5 47. Ke2 Bc1 48. Kd1 Bxb2 49. Kc2 Bxa3 50. g4 Kg7 51. g5 Bc5 52. Bh5 Be3 53. f6+ Kf8 54. g6 a3 55. g7+ Kg8 56. Bg4 Kf7 57. Be6+ Kxf6 58. g8Q Bc5 59. Qf7+ Kg5 60. Qf5+ Kh6 61. Bf7 Kg7 62. Be8 b4 63. Qg6+ Kh8 64. Bf7 1-0